মহানবীর রাষ্ট্রনীতি ও প্রশাসন ব্যবস্থা / (Record no. 78061)
[ view plain ]
| 000 -LEADER | |
|---|---|
| fixed length control field | 02452nam a2200349 a 4500 |
| 001 - CONTROL NUMBER | |
| control field | 78061 |
| 003 - CONTROL NUMBER IDENTIFIER | |
| rucl marc code | BD-RjUL |
| 005 - DATE AND TIME OF LATEST TRANSACTION | |
| control field | 20211209083102.0 |
| 008 - FIXED-LENGTH DATA ELEMENTS--GENERAL INFORMATION | |
| fixed length control field | 210314s 1996bd a|||| m||| 00| 0 ben d |
| 035 ## - SYSTEM CONTROL NUMBER | |
| System control number | (BD-RjUL)78287 |
| 040 ## - CATALOGING SOURCE | |
| Original cataloging agency | BD-RjUL |
| Language of cataloging | ben / eng |
| Transcribing agency | BD-RjUL |
| Modifying agency | BD-RjUL |
| 041 ## - LANGUAGE CODE | |
| Language code of text/sound track or separate title | ben |
| 082 ## - DEWEY DECIMAL CLASSIFICATION NUMBER | |
| Classification number | 297.63 |
| Author mark and year | MIM 1996 |
| Edition number | 23 |
| 100 ## - MAIN ENTRY--PERSONAL NAME | |
| Personal name | মিঞা, মুহাম্মদ. সগীর উদ্দীন |
| 9 (RLIN) | 245968 |
| 245 10 - TITLE STATEMENT | |
| Title | মহানবীর রাষ্ট্রনীতি ও প্রশাসন ব্যবস্থা / |
| Statement of responsibility, etc. | মুহাম্মদ সগীর উদ্দীন মিঞা ; |
| Linkage | তত্ত্বাবধায়ক : এ. কে. এম. ইয়াকুব আলী |
| 260 ## - PUBLICATION, DISTRIBUTION, ETC. (IMPRINT) | |
| Place of publication, distribution, etc. | রাজশাহী : |
| Name of publisher, distributor, etc. | ইসলামের ইতিহাস ও সংস্কৃতি বিভাগ, রাজশাহী বিশ্ববিদ্যালয়, |
| Date of publication, distribution, etc. | ১৯৯৬ |
| 300 ## - PHYSICAL DESCRIPTION | |
| Pagination | [১০], ৪০৯ পাতা : |
| Illustrations | চিএ ; |
| Size | ২৯ সেমি. |
| 502 ## - DISSERTATION NOTE | |
| Dissertation note | থিসিস ( পিএইচ. ডি.) -- ইসলামের ইতিহাস ও সংস্কৃতি বিভাগ, রাজশাহী বিশ্ববিদ্যালয়, ১৯৯৬ |
| 504 ## - BIBLIOGRAPHY, ETC. NOTE | |
| Bibliography, etc | গ্রন্থপঞ্জি ; পাতা ৩৯১ - ৪০৯ |
| 600 ## - SUBJECT ADDED ENTRY--PERSONAL NAME | |
| Personal name | মুহাম্মদ (সা.), |
| Titles and other words associated with a name | - নবী, |
| Chronological subdivision | -৬৩২ |
| General subdivision | রাজনৈতিক এবং সামাজিক মতামত |
| Personal name | Muḥammad (SM), |
| Titles and other words associated with a name | -- Prophet, |
| Chronological subdivision | -632 - |
| General subdivision | Political and social views. |
| 650 ## - SUBJECT ADDED ENTRY--TOPICAL TERM | |
| Topical term or geographic name as entry element | ইসলাম এবং রাষ্ট্র |
| Geographic subdivision | সৌদি আরব |
| -- | মদিনা |
| General subdivision | ইতিহাস |
| 9 (RLIN) | 246162 |
| Topical term or geographic name as entry element | Islam and state |
| Geographic subdivision | Saudi Arabia |
| -- | Medina |
| General subdivision | History |
| 9 (RLIN) | 246163 |
| Topical term or geographic name as entry element | জন প্রশাসন |
| Geographic subdivision | ইসলামিক সাম্রাজ্য |
| General subdivision | ইতিহাস |
| 9 (RLIN) | 177228 |
| Topical term or geographic name as entry element | Public administration |
| Geographic subdivision | Islamic Empire |
| General subdivision | History |
| 9 (RLIN) | 246164 |
| Topical term or geographic name as entry element | ইসলামী সাম্রাজ্য |
| General subdivision | রাজনীতি এবং সরকার |
| 9 (RLIN) | 246165 |
| Topical term or geographic name as entry element | Islamic Empire |
| General subdivision | Politics and government |
| 9 (RLIN) | 246166 |
| Topical term or geographic name as entry element | ইসলাম ও রাজনীতি |
| General subdivision | ইতিহাস |
| 9 (RLIN) | 246167 |
| Topical term or geographic name as entry element | Islam and politics |
| General subdivision | History |
| 9 (RLIN) | 246168 |
| 700 ## - ADDED ENTRY--PERSONAL NAME | |
| Personal name | আলী. এ. কে. এম. ইয়াকুব, তত্ত্বাবধায়ক |
| 942 ## - ADDED ENTRY ELEMENTS (KOHA) | |
| Source of classification or shelving scheme | Dewey Decimal Classification |
| Koha item type | Theses |
| Lost status | Source of classification or shelving scheme | Damaged status | Not for loan | Collection code | Permanent Location | Current Location | Shelving location | Date acquired | Source of acquisition | Total Checkouts | Full call number | Date last seen | Copy number | Koha item type |
|---|---|---|---|---|---|---|---|---|---|---|---|---|---|---|
| Dewey Decimal Classification | Not For Loan | Theses | Central Library, University of Rajshahi | Central Library, University of Rajshahi | Documentation Section | 12/11/1997 | Controller of Exam. R.U | BTHE 297.63 MIM 1996 | 14/03/2021 | C-1 | Theses |